Programovanie v Pythone 1

Bibliographic Details
Main Authors: Guniš, Ján, 1971- (Author), Šnajder, Ľubomír, 1965- (Author)
Format: Software eBook
Language:Slovak
PhysicalDescription:1 CD-ROM farebný 12 cm
Vydané aj v tlačenej forme
Published: Košice Univerzita Pavla Jozefa Šafárika v Košiciach, Vydavateľstvo ŠafárikPress 2021
ISBN:9788057400097
Edition:Vydanie: prvé
Subjects:
Online Access:https://unibook.upjs.sk/img/cms/2021/pf/programovanie-v-pythone-1.pdf

MARC

LEADER 00000nam a2200000 4500
001 vtls012084954
003 SK-MaSNL
005 20260301104546.0
007 co cg auuua
008 220126s2021 xo | fqnp 000 0 slo
015 |a SNBS2022 
020 |a 9788057400097  |q (elektronická kniha) 
040 |a SNK  |b slo  |c SNK  |e rda 
041 0 |a slo 
044 |a xo  |c SK 
072 7 |a 004.4/.6  |x Programovanie. Softvér  |2 konspekt 
080 |a 004.438Python  |2 2011 
080 |a 004.42  |2 2011 
080 |a 004.432.045  |2 2011 
080 |a (075.8)  |2 2011 
080 |a (0.034.44)  |2 2011 
100 1 |a Guniš, Ján,  |d 1971-  |4 aut  |9 219001 
245 1 0 |a Programovanie v Pythone 1  |c Ján Guniš, Ľubomír Šnajder 
250 |a Vydanie: prvé 
264 1 |a Košice  |b Univerzita Pavla Jozefa Šafárika v Košiciach, Vydavateľstvo ŠafárikPress  |c 2021 
300 |a 1 CD-ROM  |b farebný  |c 12 cm 
336 |a text  |b txt  |2 rdacontent 
337 |a počítač  |b c  |2 rdamedia 
338 |a počítačový disk  |b cd  |2 rdacarrier 
347 |a textový súbor  |b PDF  |2 rda 
500 |a Nad názvom Univerzita Pavla Jozefa Šafárika v Košiciach. Prírodovedecká fakulta. Ústav informatiky 
504 |a Obsahuje bibliografiu 
530 |a Vydané aj v tlačenej forme 
536 |a Projekt KEGA 029UKF-4/2018 Inovatívne metódy vo výučbe programovania v príprave učiteľov a IT odborníkov 
650 0 7 |a Python (programovací jazyk)  |2 SNKPH  |9 247398 
650 0 7 |a programovanie  |2 SNKPH  |9 22041 
650 0 7 |a objektovo orientované jazyky  |2 SNKPH  |9 109490 
650 0 7 |a Python (computer program language)  |2 SNKPHeng  |9 325194 
650 0 7 |a Programming  |2 SNKPHeng  |9 302464 
650 0 7 |a Object-oriented programming languages  |2 SNKPHeng  |9 345568 
655 7 |a CD-ROM  |2 SNKPH  |9 70236 
655 7 |a učebnice vysokých škôl  |2 SNKPH  |9 70191 
655 7 |a Textbooks (higher)  |2 SNKPHeng  |9 276436 
700 1 |a Šnajder, Ľubomír,  |d 1965-  |4 aut  |9 232915 
710 2 |a Univerzita Pavla Jozefa Šafárika v Košiciach.  |b Prírodovedecká fakulta  |4 pbl  |9 176126 
776 1 |a Programovanie v Pythone 1  |w vtls012068864 
856 4 1 |u https://unibook.upjs.sk/img/cms/2021/pf/programovanie-v-pythone-1.pdf 
919 |a 978-80-574-0009-7 
958 |a NB 
999 |c 698455  |d 700385 
952 |a SNK  |b SNK  |y NEVYP  |7 1  |p 17A1478597  |o snkSCDM 12195  |i snk2022/1455  |8 0  |0 0  |1 0  |4 0  |d 2022-01-26  |l 0  |r 2026-02-23 20:49:04  |w 2026-02-23